| 000 | 00622nam 22001933 4500 | ||
|---|---|---|---|
| 001 | 201968 | ||
| 090 | _a201968 | ||
| 100 | _a20260427d u||y0pory50 ba | ||
| 200 |
_aPoemas políticos _fHans Magnus Enzensberger _gtradução Almeida Faria |
||
| 210 |
_aLisboa _cDom Quixote _d1975 |
||
| 215 |
_a147, [2] p. _cbrochado _d21 cm |
||
| 225 |
_aPoesia Século XX _v7 |
||
| 606 |
_95683 _aLiteratura Alemã _xPoesia |
||
| 675 |
_a821.112.2-1"19/20" _vPT _zpor |
||
| 700 |
_917200 _aEnzensberger _bHans Magnus _f1929-2022 |
||
| 702 |
_91040 _aFaria _bAlmeida _f1943- |
||
| 801 |
_aPT _bBMMN _gRPC |
||
| 830 |
_cAna Falardo _fAna Falardo |
||
| 990 | _cLIVROS | ||